تفسير كتاب الله العزيز / (رقم التسجيلة. 26011)
[ عرض عادي ]
| 000 -الفاتح | |
|---|---|
| عناصر البيانات ثابتة الطول | 00750cam a2200193 i 4500 |
| 005 - تاريخ ووقت آخر معاملة | |
| حقل ضبط | 20251108165347.0 |
| 008 - عناصر البيانات ثابتة الطول | |
| عناصر البيانات ثابتة الطول | 250721s1990 xx 000 0 ara d |
| 082 14 - رقم تصنيف ديوي العشري | |
| رقم التصنيف | 212 |
| رقم المادة | ه و ا |
| 100 1# - مدخل رئيسي – اسم شخصي | |
| الاسم الشخصي | الهواري، هود بن محكم |
| علاقة الشخص بالعمل/ دوره | مؤلف. |
| 245 10 - بيان العنوان | |
| العنوان | تفسير كتاب الله العزيز / |
| بيان المسؤولية | للشيخ هود بن محكم الهواري، حققه و علق عليه بالحاج بن سعيد شريفي. |
| 250 ## - بيان الطبعة | |
| بيان الطبعة | الطبعة الاولى |
| 264 1# - بيانات النشر، التوزيع…إلخ | |
| مكان النشر، التوزيع...إلخ | بيروت : |
| اسم الناشر، الموزع...إلخ | دار الغرب الإسلامي، |
| تاريخ النشر، التوزيع...إلخ | 1990. |
| 300 ## - الوصف المادي | |
| عدد الوحدات المكونة للوعاء | 4 جزء. |
| 650 17 - مدخل إضافي بالموضوع - مصطلح موضوعي | |
| مصطلح موضوعي أو اسم جغرافي كعنصر مدخل | القرآن الكريم. |
| 650 17 - مدخل إضافي بالموضوع - مصطلح موضوعي | |
| مصطلح موضوعي أو اسم جغرافي كعنصر مدخل | التفسير. |
| 700 1# - مدخل إضافي - اسم شخصي | |
| الاسم الشخصي | شريفي، بالحاج بن سعيد |
| علاقة الشخص بالعمل/ دوره | محقق. |
| 942 ## - بيانات إضافية (كوها) | |
| نوع التنصيف | Dewey Decimal Classification |
| نوع المادة (كوها) | مراجع |
| حالة السحب | حالة الفقدان | مصدر التصنيف | حالة التلف | غير قابل للإعارة | المكتبة الرئيسية | المكتبة الحالية | موقع الرف | تاريخ التزويد | الرقم المتسلسل | Total Checkouts | رقم الإستدعاء | الباركود | تاريخ آخر ظهور | تاريخ الفاتورة | نوع المادة (كوها) |
|---|---|---|---|---|---|---|---|---|---|---|---|---|---|---|---|
| Dewey Decimal Classification | Not For Loan | المكتبة المركزية | المكتبة المركزية | مراجع | 06/07/2004 | 162440 | م / 212 /ه و ا | 162440 | 28/07/2025 | 06/07/2004 | مراجع | ||||
| Dewey Decimal Classification | Not For Loan | المكتبة المركزية | المكتبة المركزية | مراجع | 06/07/2004 | 162437 | م / 212 / ه و ا | 162437 | 28/07/2025 | 06/07/2004 | مراجع | ||||
| Dewey Decimal Classification | Not For Loan | المكتبة المركزية | المكتبة المركزية | مراجع | 06/07/2004 | 162438 | م / 212 / ه و ا | 162438 | 28/07/2025 | 06/07/2004 | مراجع | ||||
| Dewey Decimal Classification | Not For Loan | المكتبة المركزية | المكتبة المركزية | مراجع | 06/07/2004 | 162439 | م / 212 / ه و ا | 162439 | 28/07/2025 | 06/07/2004 | مراجع |